01282nam a2200289Ia 450000100060000000300090000600800410001504000130005604000130006904100130008210000200009510000290011524000170014424000350016124500640019624500640026025000110032426000110033526000240034626000490037030000430041950004230046265000310088565000310091670000170094770000280096413103IT-RoPAU130308s9999 xx 000 0 und d aIT-RoPAU cIT-RoPAU aITALIANO aNilsson Lennart gCodice Aut. SPICS: 3175 aSE MANNISKAN gCodice Tit. Orig. Spics: T2137 aQuesto è l'uomo-Viaggio fotografico dentro il corpo umano bQuesto è L'Uomo-Viaggio fotografico Dentro Il Corpo Umano a1a ed. aMILANO bEp/Gruppo Periodici c1974 [1° Ed.:1974 - Ed.Ling.Originale:1973] a"256 p. (prefazione: no ; testo: 256)" aCellula del Corpo Umano Organizzazione cellulare tessuti e Organi Riproduzione Sangue tessuto Liquido dell'Organismo Vasi Linfatici Sistema di Drenaggio dell'Organismo Respirazione Temperatura Corporea Reni pelle Muscoli Scheletro vivente Denti Digestione Sistema nervoso Organi di Senso Vista Uditomantenersi in Equilibrio Sensibilità e dolore Odorato gusto Testi di David H. Ingvar Stig Nordfeldt e Rune Pettersson aAUTORI/OPERE DI FOTOGRAFIA eCodice materia Spics: 6757 aLindberg Jan gCodice Aut. SPICS: 4610